|
|
|
|
| LEADER |
00000nam0a2200000 4500 |
| 001 |
358158 |
| 005 |
20231102011050.0 |
| 035 |
|
|
|a (RuTPU)RU\TPU\retro\15426
|
| 090 |
|
|
|a 358158
|
| 100 |
|
|
|a 20200813d1908 km y0rusy50 ca
|
| 101 |
0 |
|
|a rus
|
| 102 |
|
|
|a RU
|
| 105 |
|
|
|a a g 000zy
|
| 200 |
1 |
|
|a Таблицы для определения минералов по внешним признакам с помощью паяльной трубки и микроскопа
|e с 5 фигурами в тексте и с 2-мя таблицами
|f сост. И. И. Танатар
|
| 210 |
|
|
|a Екатеринослав
|c Типография, артели Екатеринославских Рабочих Печатного Дела
|d 1908
|
| 215 |
|
|
|a 420 с.
|c ил.
|e Прилож. : 2 вк. л. табл.
|
| 300 |
|
|
|a Текст в русской дореформенной орфографии
|
| 316 |
|
|
|5 63413507: 263//56
|a На задней стороне обложки штамп склада изданий Канцелярии Екатеринославского Высшего Горного училища
|
| 316 |
|
|
|5 63413507: 263//56
|a Экземпляр не разрезан
|
| 317 |
|
|
|5 63413507: 263//56
|a Поступил в НТБ в 1945 г. в составе книжного собрания профессора ТПИ А. В. Лаврского
|
| 606 |
1 |
|
|a Минералы
|x Определители
|2 stltpush
|3 (RuTPU)RU\TPU\subj\43967
|9 63374
|
| 610 |
1 |
|
|a минералогия
|
| 610 |
1 |
|
|a минералогические исследования
|
| 610 |
1 |
|
|a таблицы
|
| 610 |
1 |
|
|a Коллекция А. В. Лаврского
|
| 610 |
1 |
|
|a справочные издания
|
| 610 |
1 |
|
|a владельческие знаки
|
| 675 |
|
|
|a 548.08(035)
|v 4
|
| 700 |
|
1 |
|a Танатар
|b И. И.
|c геолог-петрограф
|c доктор геолого-минералогических наук, профессор
|f 1880-1961
|g Иосиф Исаакович
|2 stltpush
|3 (RuTPU)RU\TPU\pers\38463
|9 20788
|
| 801 |
|
1 |
|a RU
|b 63413507
|c 20200813
|
| 801 |
|
2 |
|a RU
|b 63413507
|c 20211125
|g RCR
|
| 942 |
|
|
|c BK
|